00381nam a2200157Ia 450000100040000000500170000400800410002104100080006208200150007010000330008524500730011826000090019130000070020065000080020765400080021566620260306140534.0260306t2007||||xx |||||||||||||| ||spa|| aESP a128.2bS21 aSanguineti, Juan JoséeAUT 0aFilosofía de la mente :bun enfoque ontológico y antropológico c2007 ac aGEN aCHU